Phân lập và nhận diện vi khuẩn khử đạm (Pseudomonas stutzeri) trong ao nuôi cá tra ở Vĩnh Long và Đồng Tháp : Chuyên ngành Sinh thái học

Nội dung đề tài là phân lập và nhận diện vi khuẩn khử đạm (Pseudomonas stutzeri) trong ao nuôi cá tra từ một số địa điểm ở Vĩnh Long và Đồng Tháp. Ứng dụng xử lý nước thải ao cá tra ô nhiễm ammonia....

Full description

Saved in:
Bibliographic Details
Main Author: Đỗ, Thị Kim Chi
Format: Book
Language:Undetermined
Published: Cần Thơ Trường Đại học Cần Thơ 2009
Subjects:
Tags: Add Tag
No Tags, Be the first to tag this record!
Institutions: Trung tâm Học liệu Trường Đại học Cần Thơ
LEADER 01208nam a2200229Ia 4500
001 CTU_154471
008 210402s9999 xx 000 0 und d
082 |a 628.162 
082 |b Ch300 
088 |a 60420120 
100 |a Đỗ, Thị Kim Chi 
245 0 |a Phân lập và nhận diện vi khuẩn khử đạm (Pseudomonas stutzeri) trong ao nuôi cá tra ở Vĩnh Long và Đồng Tháp : 
245 0 |b Chuyên ngành Sinh thái học 
245 0 |c Đỗ Thị Kim Chi; Cao Ngọc Điệp (Hướng dẫn khoa học) 
260 |a Cần Thơ 
260 |b Trường Đại học Cần Thơ 
260 |c 2009 
520 |a Nội dung đề tài là phân lập và nhận diện vi khuẩn khử đạm (Pseudomonas stutzeri) trong ao nuôi cá tra từ một số địa điểm ở Vĩnh Long và Đồng Tháp. Ứng dụng xử lý nước thải ao cá tra ô nhiễm ammonia. 
650 |a Water,Bacteria, Denitrifying,Pseudomonas,Nước,Vi khuẩn, khử đạm 
650 |x Purification,Sự làm sạch 
904 |i Năm 
980 |a Trung tâm Học liệu Trường Đại học Cần Thơ